Introduction to computer science with C++ /

This book is about: Computer science, computer architecture, and computer languages; Problem-solving fundamentals; More problem-solving fundamentals; Subprograms; ...

Saved in:
Bibliographic Details
Main Author: Lambert, Kenneth Alfred, 1951-
Other Authors: Nance, Douglas W., Naps, Thomas L.
Format: Book
Language:English
Published: Pacific Grove, CA : Brooks/Cole, 2000.
Edition:2nd ed.
Subjects:
Tags: Add Tag
No Tags, Be the first to tag this record!
Institutions: Mạng thư viện Đại học Đà Nẵng
LEADER 01231cam a2200397 i 4500
001 000048260
003 7968
005 20030324152521.0
008 010322|2000 vm 000 eng
020 |a 053436893X 
040 |a IRC  |c IRC  |d IRC 
041 0 |a eng 
082 1 4 |a 005.133  |b LA-K 
100 1 |a Lambert, Kenneth Alfred,  |d 1951- 
245 0 0 |a Introduction to computer science with C++ /  |c Kenneth A. Lambert, Douglas W. Nance, Thomas L. Naps. 
250 |a 2nd ed. 
260 |a Pacific Grove, CA :  |b Brooks/Cole,  |c 2000. 
300 |a 999 p. ;  |c 25.5cm. 
520 3 |a This book is about: Computer science, computer architecture, and computer languages; Problem-solving fundamentals; More problem-solving fundamentals; Subprograms; ... 
630 0 4 |a C++. 
630 0 4 |a Computer science. 
630 0 4 |a Computer program language. 
650 0 4 |a Computer science. 
650 0 4 |a C++ (Computer program language) 
700 1 |a Nance, Douglas W. 
700 1 |a Naps, Thomas L. 
OWN |a DUT 
999 |a From the UDN01 
TYP |a Monograph 
TYP |a Printed language 
980 |a Mạng thư viện Đại học Đà Nẵng